[Event "Nizhnij Novgorod-ch 60th"]
[Site "Nizhnij Novgorod"]
[Date "2008.03.??"]
[Round "?"]
[White "Bessonov, Yury"]
[Black "Markelova, Lubov"]
[Result "1-0"]
[WhiteElo "2258"]
[BlackElo "1989"]
[PlyCount "69"]
[EventDate "2008.03.??"]
[EventType "swiss"]
[EventRounds "9"]
[EventCountry "RUS"]
[SourceTitle "EXT 2010"]
[Source "ChessBase"]
[SourceDate "2010.11.25"]
[SourceVersion "1"]
[SourceVersionDate "2010.11.25"]
[SourceQuality "1"]

1. e4 Nf6 2. e5 Nd5 3. d4 d6 4. Nf3 dxe5 5. Nxe5 g6 6. Be2 Bg7 7. 0-0 0-0 8. Bf3 c6 9. c3 Be6 10. Qe2 a5 11. a4 Na6 12. Rd1 Nb6 13. Nd2 Qc7 14. Ndc4 Nxc4 15. Nxc4 Rfd8 16. g3 Bxc4 17. Qxc4 e5 18. Bg5 Re8 19. dxe5 h6 20. Bf6 Bxf6 21. exf6 Qe5 22. Qh4 h5 23. Bg2 Nc5 24. Re1 Qf5 25. Re7 Nd3 26. Rf1 Rxe7 27. fxe7 Qc5 28. Qe4 Ne5 29. Re1 f6 30. Kf1 Kg7 31. b3 Qxc3 32. f4 Qd3+ 33. Qxd3 Nxd3 34. Rd1 Nxf4 35. Rd8 1-0

[Event "Nizhnij Novgorod-ch 60th"]
[Site "Nizhnij Novgorod"]
[Date "2008.03.??"]
[Round "?"]
[White "Podshibikhin, Yuri"]
[Black "Bessonov, Yury"]
[Result "1/2-1/2"]
[WhiteElo "2133"]
[BlackElo "2258"]
[PlyCount "72"]
[EventDate "2008.03.??"]
[EventType "swiss"]
[EventRounds "9"]
[EventCountry "RUS"]
[SourceTitle "EXT 2010"]
[Source "ChessBase"]
[SourceDate "2010.11.25"]
[SourceVersion "1"]
[SourceVersionDate "2010.11.25"]
[SourceQuality "1"]

1. d4 Nf6 2. c4 e6 3. Nc3 Bb4 4. Bg5 d5 5. Nf3 0-0 6. a3 Be7 7. Qc2 c6 8. e3 Nbd7 9. Bd3 dxc4 10. Bxc4 b5 11. Bd3 Bb7 12. Rd1 a6 13. h4 h6 14. Ne4 Nxe4 15. Bxe4 Rc8 16. Rh3 Nf6 17. Bxf6 Bxf6 18. Ng5 Bxg5 19. hxg5 Qxg5 20. Rg3 Qe7 21. Ke2 f5 22. Bf3 a5 23. Rh1 Rf6 24. Qd3 Rd8 25. Rc1 Kh8 26. Qc3 f4 27. Rh3 fxe3 28. fxe3 Rdf8 29. Qxa5 e5 30. dxe5 Qxe5 31. Qc3 Qe7 32. Qc5 Qf7 33. e4 Rf4 34. Rch1 Kh7 35. Rd1 Qg6 36. Rd6 R4f6 1/2-1/2